00479 a2200169 450000100060000002000180000604000220002410000250004624000330007124500280010430000080013236200090014065000230014994200070017295201130017999900170029256716 a9788508120178 cAnchieta - Pituba aAguiar, Luiz Antonio10aO vôo do hipopótamolpor10aO vôo do hipopótamo a1520 a2008 4aLiteratura juvenil cBK 00104070a91.1b91.1d2023-11-21l0oLJ 028.5 A282v AGU VOOp6314/PITr2023-11-21 18:24:13w2023-11-21yBK c56716d56716